01050nam a2200241 4500003001100000008004100011020001500052040003900067041000800106082001500114111012600129245016500255260010200420300003200522650003900554650002100593650002400614700003400638700002500672942000700697952008900704999001500793LK-CoMWRAF230822b2007 |||||||| |||| 00| 0 eng d a8187966548 aLK-CoMWRAFdLK-CoMWRAFeLK-CoMWRAF aeng a551.5bINT aINTERNATIONAL WORKSHOP ON DISASTER RISK MITIGATION: POTENTIAL OF MICRO-FINANCE FOR TSUNAMY RECOVERYc( New Delhi, d2005) aMicro-finance and disaster risk reduction: bproceedings of International Workshop on Disaster Risk Mitigation: Potential of Micro-Finance for Tsunami Recovery  aNew Delhi :bNational Institute of Disaster Management in association with Knowledge World,c2006 axiv, 225 p. : ill. ; 25 cm. aHAZARD MITIGATION-INDIA-CONGRESSES aTsunami recovery aMicrofinance--India aChakrabarti, P. G. Dhar eed. aBhat, Mihir R. eed. cCP 00104070aMAINbMAINd2023-08-22l0o551.5 INTpRAF125r2023-08-22w2023-08-22yCP c3245d3245